Financial management / (Record no. 101950)

MARC details
000 -LEADER
fixed length control field 00902nam a22002537a 4500
008 - FIXED-LENGTH DATA ELEMENTS--GENERAL INFORMATION
fixed length control field 160808b xxu||||| |||| 00| 0 eng d
010 ## - LCCN (DPL NO)
LC control number 1617EN ENG-100531
020 ## - INTERNATIONAL STANDARD BOOK NUMBER
International Standard Book Number 9780198072072
Terms of availability 695.00
035 ## - SYSTEM CONTROL NUMBER
System control number B-651553-558
035 ## - SYSTEM CONTROL NUMBER
System control number EN-100531
037 ## - SOURCE OF ACQUISITION
Stock number dpl
Source of stock number/acquisition Pragati
037 ## - SOURCE OF ACQUISITION
Source of stock number/acquisition DBAD/PUB
082 ## - DEWEY DECIMAL CLASSIFICATION NUMBER
Classification number 658.15
100 ## - MAIN ENTRY--PERSONAL NAME
Personal name Srivastava, Rajiv
245 ## - TITLE STATEMENT
Title Financial management /
Statement of responsibility, etc by Rajiv Srivastva and Anil Misra
250 ## - EDITION STATEMENT
Edition statement 6th ed.
260 ## - PUBLICATION, DISTRIBUTION, ETC. (IMPRINT)
Place of publication, distribution, etc New Delhi
Name of publisher, distributor, etc Oxford University Press
Date of publication, distribution, etc 2015
270 ## - ADDRESS
Address YMCA Building Jai Singh Road
City New Delhi
Postal code 110001
300 ## - PHYSICAL DESCRIPTION
Extent xiv, 816 p.
Dimensions 28cm
Other physical details colour illus.
500 ## - GENERAL NOTE
General note Includes index
700 ## - ADDED ENTRY--PERSONAL NAME
Personal name Misra, Anil
942 ## - ADDED ENTRY ELEMENTS (KOHA)
Source of classification or shelving scheme Dewey Decimal Classification
Item type English Books
Classification part 658.15
Call number suffix SRI
Holdings
Withdrawn status Lost status Source of classification or shelving scheme Damaged status Not for loan Collection code Home library Current library Date acquired Source of acquisition Cost, normal purchase price Total Checkouts Full call number Barcode Date last seen Copy number Cost, replacement price Koha item type Total Renewals
    Dewey Decimal Classification   Not For Loan Non-fiction D.B.Act.Division Bawana 02/01/2017 DBAD/PUB 695.00   658.15 SRI EN-100531 02/01/2017 1 695.00 English Books  
    Dewey Decimal Classification     Non-fiction Bawana Bawana 09/02/2017 BPPD/EN/2016-17/300/24.11.2016/IN339/02.12.2016/4.01.17 695.00 2 658.15 SRI B-651557 24/02/2024 1 695.00 English Books  
    Dewey Decimal Classification     Non-fiction Central Library Central Library 09/02/2017 BPPD/EN/2016-17/300/24.11.2016/IN339/02.12.2016/4.01.17 695.00 16 658.15 SRI B-651553 08/06/2022 1 695.00 English Books 8
    Dewey Decimal Classification     Non-fiction Janak Puri Janak Puri 09/02/2017 BPPD/EN/2016-17/300/24.11.2016/IN339/02.12.2016/4.01.17 695.00 11 658.15 SRI B-651555 15/07/2021 1 695.00 English Books 9
    Dewey Decimal Classification     Non-fiction Patel Nagar Patel Nagar 09/02/2017 BPPD/EN/2016-17/300/24.11.2016/IN339/02.12.2016/4.01.17 695.00 2 658.15 SRI B-651554 11/05/2019 1 695.00 English Books  
    Dewey Decimal Classification     Non-fiction Sarojini Nagar Sarojini Nagar 09/02/2017 BPPD/EN/2016-17/300/24.11.2016/IN339/02.12.2016/4.01.17 695.00 5 658.15 SRI B-651556 13/12/2022 1 695.00 English Books 3
    Dewey Decimal Classification     Non-fiction Shahdara Branch Shahdara Branch 09/02/2017 BPPD/EN/2016-17/300/24.11.2016/IN339/02.12.2016/4.01.17 695.00   658.15 SRI B-651558 09/02/2017 1 695.00 English Books  

© Delhi Public Library
Hit Counter
free hit counter